000
00320nam a2200121Ia 4500
008
250110s9999 xx 000 0 und d
041
_a
eng
100
_a
Kudale Pranjal
_9
184173
245
_a
Construction Training Institute, Pune.
260
_b
BNCA, Pune
_c
2018
300
_a
90p
700
_a
Guide Name:Patwardhan Ravi
999
_c
364129
_d
364129